Проекты постановлений ЦИК СССР по докладу Председателя СНК СССР тов. Молотова на 2-й Сессии ЦИК СССР 7-го созыва

Доступно только в Электронных читальных залах Найти на картеНа карте
RUSMARC
00004861nmc2a22003133x 450
0012231eb80-ba73-4e17-b369-5a3e54eba15a
00520210716120835.0
100##$a20210612l1936 k y0rusy50 ca
1010#$arus
102##$aRU
105##$aa z |||||
1220#$ad19361231
1220#$ad193601
2001#$aПроекты постановлений ЦИК СССР по докладу Председателя СНК СССР тов. Молотова на 2-й Сессии ЦИК СССР 7-го созыва
$j1936
215##$a45 листов
$cтабл.
251##$cДело
300##$aЗаголовок дела на папке: Проекты постановлений Центрального Исполнительного Комитета Союза ССР. По докладу Председателя СНК СССР т. Молотова. 2-я Сессия ЦИК Союза ССР 7-го созыва. 1936 год январь
300##$aТипографский и машинописный текст с рукописными пометками
330##$aВходит в раздел описи: VII-й Съезд Советов. 2-я Сессия ЦИК СССР
461#0$1001796d4672-8a00-4986-b488-6e42273792cc
$12001
$aЦЕНТРАЛЬНЫЙ ИСПОЛНИТЕЛЬНЫЙ КОМИТЕТ СССР (ЦИК СССР)
$1251
$cФонд
$1852
$j3316
$gР
462#0$10012246e4af-064a-4b66-b386-cae0ddb7fb2d
$12001
$aДела 7-го Съезда Советов и 1-й, 2-й, 3-й, 4-й Сессий 7-го созыва. 1935-1937 гг.
$vД. 104
$1251
$cОпись
$1852
$j7
5171#$aПроекты постановлений Центрального Исполнительного Комитета Союза ССР. По докладу Председателя СНК СССР т. Молотова. 2-я Сессия ЦИК Союза ССР 7-го созыва. 1936 год январь
600#1$aМолотов
60101$3RU\NLR\AUTH\880357276
$aСССР
$bЦИК
60102$3RU\NLR\AUTH\880399376
$aСССР
$bЦИК
$bСозыв
$c7
$bСессия
$d2
60101$3RU\NLR\AUTH\8810020782
$aСССР
$bСовет Народных Комиссаров
801#0$aRU
$bGA_RF
801#1$aRU
$bГлавНИВЦ
$c20210612
$2rusmarc
801#2$aRU
$bПБ им. Б.Н. Ельцина
$c20210716
$gRCR
$2rusmarc
852##$aГА РФ
$j104
937##$d166249134
$hГАРФ
035##$aRuPRLIB51060474
856##$uhttp://readingroom.main.prlib.ru/item.aspx?id_node=n166249134&mode=full
Формат отображения